000
00304nam a2200121Ia 4500
008
190905s9999||||xx |||||||||||||| ||und||
020
_a
978-0-12-812275-4
100
_a
David A. Patterson
245
0
_a
Computer Organization and Design
260
_a
New York
_b
Elsevier
_c
2018
300
_a
650
942
_c
BK
999
_c
5828
_d
5828